01027njm a2200265Ia 450000100060000000300090000600500170001500800410003204000130007304000130008604100130009910000180011210000180013010000380014824500140018625000110020026000110021126000580022230000100028050001010029050501740039165000520056570000820061770000620069987535IT-RoPAU20220918181143.0131025s9999 xx 000 0 und d aIT-RoPAU cIT-RoPAU aITALIANO aConcato Fabio eAutore musica gCodice autore musica SPICS: 16468 aGiannutri a1a ed. aITALIA bPOLYGRAMc1990 [1a Ed.:1990 - Ed. Lingua Orig.: 1990] aDISCO aMusica leggera. Canzone italiana. Cantautore. Canzone dedicata ai bambini maltrattati. Nostalgia aSperiamo che piova - Entertainment - Quasi quasi mi metto a cantare - Un amorevole mistero - Gigi - Senza far rumore - 051 222525 - Dancing blu - Valzerone - Portati via aCANTAUTORI [DISCHI]eCodice MATERIA SPICS: 9950 aConcato FabioeAutore testo e musicagCodice autore testo/musica SPICS: 16468 aConcato FabiogCodice interprete SPICS: 16468eInterprete